000 00844cam a2200289 4500
001 4603593
003 ARRUPE
005 20160927104158.0
008 700831s1968 enkb b 001 0 eng
010 _a 76374002
015 _aB69-01342
020 _a0281022771
040 _aDLC
_cDLC
_dDLC
050 0 0 _aBR1450
_b.H659
082 0 0 _a276.8
100 1 _aHinchliff, Peter
_926239
245 1 4 _aThe Church in South Africa
_c/ Peter Hinchliff.
260 _aLondon,
_bS.P.C.K.
_c1968.
300 _axii, 116 p.
_bmap.
_c19 cm.
350 _a9/6
440 _aChurch history outlines
_926240
504 _aBibliography: p. 108-112.
651 0 _aSouth Africa
_xChurch history.
_910532
710 2 _aChurch Historical Society (Great Britain)
_926241
906 _a7
_bcbc
_corignew
_du
_encip
_f19
_gy-gencatlg
942 _2lcc
_cMONOGRAPH
999 _c125364
_d125364